Online Catalogue and eLibrary

Feminine, Masculine and Representation (Record no. 1566)

MARC details
000 -LEADER
fixed length control field 00514nam a2200193Ia 4500
005 - DATE AND TIME OF LATEST TRANSACTION
control field 20250109033826.0
008 - FIXED-LENGTH DATA ELEMENTS--GENERAL INFORMATION
fixed length control field 240331s9999 xx 000 0 und d
020 ## - INTERNATIONAL STANDARD BOOK NUMBER
ISBN 0046100180
082 ## - DDC Classification
Item Number - Author Mark TER
DDC Edition Number 2049
Class No. 305.3
245 #0 - TITLE STATEMENT
Title Feminine, Masculine and Representation
260 ## - PUBLICATION, DISTRIBUTION, ETC.
Place of publication, distribution, etc. Sydney;
-- London;
-- Wellington
Name of publisher, distributor, etc. Allen & Unwin
Date of publication, distribution, etc. 1990
300 ## - PHYSICAL DESCRIPTION
Extent (e.g. Volumes, Pages etc.) xiii, 306 p.,
650 ## - SUBJECT ADDED ENTRY--TOPICAL TERM
Topical term or geographic name entry element Feminine
650 ## - SUBJECT ADDED ENTRY--TOPICAL TERM
Topical term or geographic name entry element Masculinity
650 ## - SUBJECT ADDED ENTRY--TOPICAL TERM
Topical term or geographic name entry element Gender
700 ## - ADDED ENTRY--PERSONAL NAME
Personal name Threadgold, T
Relator term (Role) Editor
700 ## - ADDED ENTRY--PERSONAL NAME
Personal name Cranny-Francis, A
Relator term (Role) Editor
942 ## - Koha item type (Biblio)
Koha item type Books in Stacks (Lending)
Holdings
Lost status Damaged status Collection code Home library Current library Shelving location Date acquired Full call number Accession Number Item type
    Lending WERC Library WERC Library Social Science Cupboard 03/31/2024 305.3 FEM 2049 Books in Stacks (Lending)

© WERC Library